000 00402nam a2200145Ia 4500
008 230917s9999||||xx |||||||||||||| ||und||
040 _e46113
_aMAIN
041 _aEnglish
082 _a822.33 S15K:S
100 _aKnight, G Wilson
245 4 _aThe Shakespearian tempest: with a chart of Shakespeare's dramatic universe
260 _aLondon
_bMethuen
_c1968
300 _axxiv, 332 p.
942 _cBK
999 _c182133
_d182133